Core concepts in health /

Sparad:
Bibliografiska uppgifter
Övriga upphovsmän: Insel, Paul M., Roth, Walton T., Price, Kirstan.
Materialtyp: Okänd
Språk:English
Publicerad: Boston : McGraw Hill, 2006.
Upplaga:Brief 10th ed.
Ämnen:
Taggar: Lägg till en tagg
Inga taggar, Lägg till första taggen!
Thư viện lưu trữ: Mạng thư viện Đại học Đà Nẵng
LEADER 01200ca a2200337 4500
001 000030696
003 4373
005 20220117155053.0
008 151001s2006 000 eng
020 |a 9780072972351 
040 |a lnn  |c lnn  |d lnn 
041 0 |a eng 
082 1 4 |a 613  |b Co-C 
245 0 0 |a Core concepts in health /  |c [edited by] Paul M. Insel, Walton T. Roth; Kristan Price, developmental editor. 
250 |a Brief 10th ed. 
260 |a Boston :  |b McGraw Hill,  |c 2006. 
300 |a 1 v. (various pagings) :  |b col. ill. ;  |c 28 cm. 
504 |a Includes bibliographical references and index. 
650 0 |a Health  |v Handbooks, manuals, etc. 
700 1 |a Insel, Paul M. 
700 1 |a Roth, Walton T. 
700 1 |a Price, Kirstan. 
OWN |a LNN 
AVA |a UDN50  |b LNN  |c English  |d 420.613 IN-P  |e available  |t Error 5001 Not defined in file expand_doc_bib_avail.  |f 2  |g 0  |h N  |i 0  |j AN  |k 1 
999 |a From the UDN01 
AVA |a UDN50  |b LNN  |c English  |d 420.613 IN-P  |e available  |t Error 5001 Not defined in file expand_doc_bib_avail.  |f 2  |g 0  |h N  |i 0  |j AN  |k 1 
TYP |a Printed language 
980 |a Mạng thư viện Đại học Đà Nẵng